Quel est ce joueur de football ? - Statistiques

Statistiques générales
  • Ce quiz a été pris 20 fois
  • Le résultat moyen est 13 sur 16
Statistiques - réponses
Par images Réponse % Correct
Cristiano Ronaldo
100%
Desire Doué
100%
Kylian Mbappé
100%
Achraf Hakimi
95%
Antoine Griezmann
95%
Lionel Messi
95%
Lamine Yamal
90%
Olivier Giroud
90%
Ousmane Dembélé
90%
Sergio Ramos
90%
Zlatan Ibrahimović
85%
Marquinhos
75%
Bukayo Saka
70%
Ibrahima Konaté
65%
Khvicha Kvaratskhelia
50%
João Pedro
45%
Aucun quiz correspondant
Distribution des résultats
% des personnes avec chaque résultat
Percentile par nombre de réponses
Votre historique - résultats
Vous n’avez pas pris ce quiz